000 00936nam a2200229 a 4500
001 80080
003 BD-RjUL
005 20220704120252.0
008 220704s2021 bg ||||| |||| 00| 0 ben d
020 _a9847000004086
035 _a(BD-RjUL)80080
040 _aBD-RjUL
_beng
_cBD-RjUL
041 _aben
082 _223
_a891.444
_bHUM 2021
245 _aহুমায়ূন কবিরের বাঙলার কাব্য :
_bবহুমুখী বিশ্লেষণ /
_cসম্পাদনা মোহাম্মদ শাকেরউল্লাহ
260 _aঢাকা :
_bজাতীয় সাহিত্য প্রকাশ,
_c২০২১
300 _a১৭৫ পৃ.;
_c২২ সেমি.
650 _a বাংলা প্রবন্ধ
_93995
650 _aBengali Essays
_9394
700 _aশাকেরউল্লাহ, মোহাম্মদ
_93838
942 _2ddc
_cBK
999 _c80080
_d80080